000 00579nam a2200205Ia 4500
003 GCL
008 140319s9999 xx 000 0 eng d
040 _aGCL /
_cGCL
082 0 4 _a371.334
_bF E
100 1 _aFISHER, CHARLES
245 1 0 _aEDUCATION AND TECHNOLOGY: REFLECTIONS ON COMPUTING IN CLASSROOMS /
_cFISHER, CHARLES
700 1 _aDWYER, DAVID C
700 1 _aYOCAM, KEITH
260 _a[S.N] :
_bAPPLE PRESS ،
_c1996
300 _a316 P
650 0 4 _aEDUCATIONAL TECHNOLOGY
650 0 4 _aCOMPUTER ASSISTED INSTRUCTION
650 0 4 _aEDUCATION
942 _2ddc
_cBK
999 _c13254
_d13254